Historia de la Biblioteca Nacional de Colombia / (Registro nro. 3944)
[ vista simple ]
| 000 -LEADER | |
|---|---|
| fixed length control field | 01015nam a2200241Ia 4500 |
| 003 - CONTROL NUMBER IDENTIFIER | |
| control field | OSt |
| 005 - DATE AND TIME OF LATEST TRANSACTION | |
| control field | 20200327182554.0 |
| 008 - FIXED-LENGTH DATA ELEMENTS--GENERAL INFORMATION | |
| fixed length control field | 191128s1977 ck gr 000 0 spa d |
| 020 ## - INTERNATIONAL STANDARD BOOK NUMBER | |
| International Standard Book Number | 8482711318 |
| 040 ## - CATALOGING SOURCE | |
| Original cataloging agency | CO-JMCR |
| Transcribing agency | CO-JMCR |
| 082 04 - DEWEY DECIMAL CLASSIFICATION NUMBER | |
| Classification number | 027.5861 / |
| Item number | H557h |
| 100 1# - MAIN ENTRY--PERSONAL NAME | |
| Personal name | Hernández de Alba, Guillermo |
| Relator term | autor |
| 9 (RLIN) | 2031 |
| 245 10 - TITLE STATEMENT | |
| Title | Historia de la Biblioteca Nacional de Colombia / |
| Statement of responsibility, etc. | Guillermo Hernández de Alba, Juan Carrasquilla Botero |
| 260 ## - PUBLICATION, DISTRIBUTION, ETC. | |
| Place of publication, distribution, etc. | Bogotá : |
| Name of publisher, distributor, etc. | Instituto Caro y Cuervo, |
| Date of publication, distribution, etc. | 1977 |
| 300 ## - PHYSICAL DESCRIPTION | |
| Extent | 447 páginas ; |
| Dimensions | 21 cm |
| 490 0# - SERIES STATEMENT | |
| Series statement | Instituto Caro y Cuervo ; |
| Volume/sequential designation | 38 |
| 505 ## - FORMATTED CONTENTS NOTE | |
| Formatted contents note | La Biblioteca en el virreinato -- La Biblioteca en la Gran Colombia -- La Biblioteca en la Nueva Granada -- La Biblioteca Nacional en los Estados Unidos de Colombia -- Fondos especiales de la Biblioteca Nacional |
| 546 ## - LANGUAGE NOTE | |
| Language note | spa |
| 650 ## - SUBJECT ADDED ENTRY--TOPICAL TERM | |
| Topical term or geographic name entry element | Biblioteca -- Historia Bibliotecas públicas |
| 9 (RLIN) | 2032 |
| 650 24 - SUBJECT ADDED ENTRY--TOPICAL TERM | |
| Topical term or geographic name entry element | Bibliotecas nacionales |
| 9 (RLIN) | 2033 |
| 700 1# - ADDED ENTRY--PERSONAL NAME | |
| Personal name | Carrasquilla Botero, Juan, |
| Relator term | autor |
| 9 (RLIN) | 2034 |
| 942 ## - ADDED ENTRY ELEMENTS (KOHA) | |
| Source of classification or shelving scheme | Dewey Decimal Classification |
| Koha item type | Books |
| Withdrawn status | Lost status | Source of classification or shelving scheme | Damaged status | Not for loan | Home library | Current library | Date acquired | Source of acquisition | Cost, normal purchase price | Total Checkouts | Full call number | Barcode | Date last seen | Copy number | Price effective from | Koha item type |
|---|---|---|---|---|---|---|---|---|---|---|---|---|---|---|---|---|
| Dewey Decimal Classification | Biblioteca Pública José María del Castillo y Rada | Biblioteca Pública José María del Castillo y Rada | 11/28/2019 | Donación | 0.00 | 027.5861 / H557h | 201808743 | 05/16/2024 | Ej.1 | 11/28/2019 | Books |